The skidding resistance of concrete : performance of limestone aggregate experiment after 10 years /

Bibliographic Details
Main Author: Franklin, R. E.
Corporate Author: Transport and Road Research Laboratory
Format: Book
Language:English
Published: Crowthorne, Berkshire : Transport and Road Research Laboratory, 1988.
Series:Research report (Transport and Road Research Laboratory) ; no. 144.
Subjects:

MARC

Tag First Indicator Second Indicator Subfields
LEADER 00000cam a2200000 a 4500
001 in00000988872
005 20150927160548.0
008 881028s1988 enk b f00010 eng d
035 |a (OCoLC)18685342 
035 |9 AEY4780AM 
040 |a CBT  |c CBT  |d TXA  |d UtOrBLW 
049 1 |a TXA2 
090 |a TE1  |b .R38 no. 144 
100 1 |a Franklin, R. E. 
245 1 4 |a The skidding resistance of concrete :  |b performance of limestone aggregate experiment after 10 years /  |c by R.E. Franklin. 
264 1 |a Crowthorne, Berkshire :  |b Transport and Road Research Laboratory,  |c 1988. 
300 |a 30 pages ;  |c 30 cm. 
336 |a text  |b txt  |2 rdacontent 
337 |a unmediated  |b n  |2 rdamedia 
338 |a volume  |b nc  |2 rdacarrier 
490 1 |a TRRL research report,  |x 0266-5247 ;  |v 144 
504 |a Bibliography: page 11. 
650 0 |a Pavements, Concrete  |x Skid resistance  |x Testing. 
650 0 |a Pavements  |x Performance. 
650 0 |a Aggregates (Building materials)  |x Testing. 
710 2 |a Transport and Road Research Laboratory. 
830 0 |a Research report (Transport and Road Research Laboratory) ;  |v no. 144. 
999 |a MARS 
999 f f |s 68621fae-cc1d-34f8-bec0-e50b541c0078  |i 064c5947-8f9d-3ce1-bc15-a88d729f514d  |t 0 
952 f f |p ric  |a Texas A&M University  |b Rellis Campus  |c Joint Library Facility  |d Remote Storage  |t 0  |e TE1 .R38 no.144  |h Library of Congress classification  |i unmediated -- volume  |m A14811254279 
998 f f |a TE1 .R38 no.144  |t 0  |l Remote Storage